Представление документа в формате MARC21

Поле Инд. ПП Название Значение
Тип записи a
Библиографический уровень b
001 Контрольный номер RU/IS/BASE/204743008
005 Дата корректировки 20200522191031.0
008 Кодируемые данные 20060627
084 a Индекс другой классификации/Индекс ББК 85.313(2)6
100 1_ a Автор Чемберджи В.
245 10 a Заглавие Врываясь в мировой оркестр...
b Продолж. заглавия Из бесед со Святославом Рихтером
600 14 a Персоналии Рихтер Святослав Теофилович
650 04 a Основная рубрика искусство
a Основная рубрика история музыки
a Основная рубрика музыка
653 0_ a Ключевые слова XX век
a Ключевые слова исполнительское искусство
a Ключевые слова клавишные инструменты
a Ключевые слова коллекции
a Ключевые слова коллекционирование
a Ключевые слова произведения искусства
a Ключевые слова Россия
773 18 t Заглавие источника Наше наследие
d Дата издания источника 1988
g Прочая информация № 2. - С. 30 - 35 : фот.
w Контрольный № источника RU/IS/BASE/142599553
901 t Тип документа b